Tilastot visalle Jalkapallon Suomen mestarit

Klikkaa tästä pelataksesi tätä visaa!

Yleistilastot

  • Tätä visaa on pelattu 744 kertaa
    (302 viimeisimmän päivityksen jälkeen)
  • Keskiarvotulos 80 / 112

Vastaustilastot

SarjaVuosiMestari% Oikein
Veikkausliiga2021HJK
99%
Veikkausliiga2010HJK
99%
Mestaruussarja1964HJK
99%
Mestaruussarja1973HJK
99%
Mestaruussarja1978HJK
99%
Mestaruussarja1938HJK
99%
Mestaruussarja1981HJK
99%
Mestaruussarja1936HJK
99%
Mestaruussarja1985HJK
99%
Mestaruussarja1987HJK
99%
Mestaruussarja1988HJK
99%
Veikkausliiga1990HJK
99%
Veikkausliiga1992HJK
99%
Veikkausliiga1997HJK
99%
Veikkausliiga2002HJK
99%
Veikkausliiga2003HJK
99%
Veikkausliiga2009HJK
99%
SM-kisa1925HJK
99%
SM-kisa1918HJK
99%
Veikkausliiga2020HJK
99%
SM-kisa1911HJK
99%
SM-kisa1912HJK
99%
Veikkausliiga2018HJK
99%
Veikkausliiga2017HJK
99%
SM-kisa1917HJK
99%
SM-kisa1919HJK
99%
Veikkausliiga2014HJK
99%
Veikkausliiga2013HJK
99%
Veikkausliiga2012HJK
99%
SM-kisa1923HJK
99%
Veikkausliiga2011HJK
99%
Mestaruussarja1956KuPS
93%
Veikkausliiga2019KuPS
93%
Mestaruussarja1976KuPS
93%
Mestaruussarja1974KuPS
93%
Mestaruussarja1958KuPS
93%
Mestaruussarja1966KuPS
93%
Mestaruussarja1968TPS
88%
SM-kisa1928TPS
88%
Mestaruussarja1949TPS
88%
Mestaruussarja1939TPS
88%
Mestaruussarja1975TPS
88%
Mestaruussarja1941TPS
88%
Mestaruussarja1972TPS
88%
Mestaruussarja1971TPS
88%
Mestaruussarja1983Ilves
87%
Veikkausliiga2008FC Inter
80%
Mestaruussarja1931HIFK
80%
Mestaruussarja1937HIFK
80%
Mestaruussarja1930HIFK
80%
Mestaruussarja1947HIFK
80%
Mestaruussarja1961HIFK
80%
Mestaruussarja1959HIFK
80%
Mestaruussarja1933HIFK
80%
Veikkausliiga2015SJK
80%
Veikkausliiga2004FC Haka
68%
Veikkausliiga2000FC Haka
68%
Veikkausliiga1995FC Haka
68%
Veikkausliiga1998FC Haka
68%
Mestaruussarja1977FC Haka
68%
Mestaruussarja1965FC Haka
68%
Mestaruussarja1962FC Haka
68%
Veikkausliiga1999FC Haka
68%
Mestaruussarja1960FC Haka
68%
Mestaruussarja1945VPS
65%
Mestaruussarja1948VPS
65%
Mestaruussarja1963Reipas
64%
Mestaruussarja1970Reipas
64%
Mestaruussarja1967Reipas
64%
Veikkausliiga2001TamU
64%
Veikkausliiga2007TamU
64%
Veikkausliiga2006TamU
64%
Veikkausliiga1996FC Jazz
61%
Veikkausliiga1993FC Jazz
61%
Veikkausliiga2016IFK Mariehamn
61%
Veikkausliiga2005MyPa
60%
Mestaruussarja1952KTP
58%
Mestaruussarja1951KTP
58%
Veikkausliiga1991Kuusysi
56%
Mestaruussarja1984Kuusysi
56%
Mestaruussarja1986Kuusysi
56%
Mestaruussarja1989Kuusysi
56%
Mestaruussarja1982Kuusysi
56%
Mestaruussarja1969KPV
48%
Mestaruussarja1932HPS
47%
SM-kisa1927HPS
47%
SM-kisa1921HPS
47%
Mestaruussarja1957HPS
47%
SM-kisa1929HPS
47%
SM-kisa1926HPS
47%
Mestaruussarja1935HPS
47%
SM-kisa1922HPS
47%
Mestaruussarja1934HPS
47%
Mestaruussarja1979OPS
47%
Mestaruussarja1980OPS
47%
Veikkausliiga1994TPV
45%
SM-kisa1913KIF
39%
SM-kisa1916KIF
39%
Mestaruussarja1955KIF
39%
SM-kisa1915KIF
39%
Mestaruussarja1953VIFK
38%
Mestaruussarja1946VIFK
38%
Mestaruussarja1944VIFK
38%
SM-kisa1924ÅIFK
37%
SM-kisa1920ÅIFK
37%
SM-kisa1910ÅIFK
37%
Mestaruussarja1950Ilves-kissat
35%
Mestaruussarja1954Pyrkivä
22%
Mestaruussarja1940Sudet
20%
SM-kisa1909PUS
18%
SM-kisa1908Unitas
17%
Mestaruussarja1942HT
14%

Tulosjakauma

Persentiili vastausten määrän mukaan

Jokaisen tuloksen saaneiden osuus

Tuloshistoriasi

Et ole pelannut tätä visaa sen viimeisimmän päivityksen jälkeen